000 00278nam a2200121 a 4500
008 100923s1949|||| d
100 1 _aFink, Viktor
245 1 0 _aOsud Henriho Lamberta
260 _bTatran
_aBratislava
_c1949
020 _c85
044 _axo
_cSK
041 _aslo
999 _c10661
_d10661